00823nam a22002537a 450000500170000001000130001702000100003003500130004003700160005304000120006908200160008110000270009724500840012424600060020826000530021427000150026730000200028265000230030265000240032570000300034994200250037999900190040495201460042320170124110159.0 aA-151265 c80.00 aA-151265 bCen Lib/Ret aDPLbEN a181.46bAHL aAhluwalia, B.K.935695 aVivekananda and indian renaissance /cby B.K. Ahluwalia [and] Shashi Ahluwalia  b  bAssociated Publishing Company aNew Delhi c1983 bNew Delhi  a198p.c19cm(Hb) aPhilosophy 940921 aRenaissance 934908 aAhluwalia, Shashi 917500 2ddccENh181.46mAHL c132771d132771 04104070aLbLd2015-07-23eCen Lib/Retg80.00l0o181.46 AHLpA-151265r2015-07-23 00:00:00t1v80.00w2016-09-15yENzW/d list no. 6806/5